Batt and another v Adams (Record no. 68123)

MARC details
000 -LEADER
fixed length control field 01545cam a2200229 4500
001 - CONTROL NUMBER
control field ABS64440
008 - FIXED-LENGTH DATA ELEMENTS--GENERAL INFORMATION
fixed length control field 010830n2001 000 0 eng u
035 ## - SYSTEM CONTROL NUMBER
System control number (Sirsi) u114390
245 ## - TITLE STATEMENT
Title Batt and another v Adams
260 ## - PUBLICATION, DISTRIBUTION, ETC.
Date of publication, distribution, etc. 2001
490 ## - SERIES STATEMENT
Series statement Estates Gazette
Volume/sequential designation [2001] 32 EG 90-96(7)
520 ## - SUMMARY, ETC.
Summary, etc. CD, 11 May 2001. A dispute over the title of a piece of farmland, also involving an agricultural tenancy. The court had to decide whether the tenant, Higgs (H), was in factual possession of the disputed land and intending to exclude all others including the landlord, Adams. It was decided that H was in factual possession for the necessary 12-year period but the necessary intention to exclude others was not proved, therefore there was no adverse possession. It was also decided that the presumption that upon the determination of a tenancy any possessory title acquired by a tenant passes to his landlord, will not apply between the tenant and third parties (in this case the trustees of Batt (B). If adverse possession had been proved, and if the presumption applied that any title acquired by a tenant would pass to his landlord, then it would pass to H's landlord, Adams Jnr, not Adams Snr. Appeal allowed.
590 ## - LOCAL NOTE (RLIN)
Local note ABS
650 ## - SUBJECT ADDED ENTRY--TOPICAL TERM
Topical term or geographic name entry element ADVERSE POSSESSION
650 ## - SUBJECT ADDED ENTRY--TOPICAL TERM
Topical term or geographic name entry element BATT V ADAMS
650 ## - SUBJECT ADDED ENTRY--TOPICAL TERM
Topical term or geographic name entry element DISPUTED POSSESSION
650 ## - SUBJECT ADDED ENTRY--TOPICAL TERM
Topical term or geographic name entry element LANDLORD AND TENANT
9 (RLIN) 6252
650 ## - SUBJECT ADDED ENTRY--TOPICAL TERM
Topical term or geographic name entry element PROPERTY-LANDLORD AND TENANT-TENANCIES-AGRICULTURAL TENANCIES
650 ## - SUBJECT ADDED ENTRY--TOPICAL TERM
Topical term or geographic name entry element POSSESSORY TITLE
690 ## - LOCAL SUBJECT ADDED ENTRY--TOPICAL TERM (OCLC, RLIN)
Topical term or geographic name as entry element PROPERTY AND LAND LAW-CASE LAW
942 ## - ADDED ENTRY ELEMENTS (KOHA)
Suppress in OPAC 0
Holdings
Withdrawn status Lost status Source of classification or shelving scheme Damaged status Not for loan Home library Current library Shelving location Date acquired Total Checkouts Full call number Barcode Date last seen Copy number Price effective from Koha item type
    Dewey Decimal Classification     London London Journal article 30/08/2001   ABS64440 114390-1001 06/08/2019 1 06/08/2019 Journal article